Barbara Sanguszkowa i Elżbieta Drużbacka w świetle nowych źródeł

Titel: Barbara Sanguszkowa i Elżbieta Drużbacka w świetle nowych źródeł / Krystyna Stasiewicz
Verfasser:
Veröffentlicht: Olsztyn : Wydawn. ElSet, 2011
Umfang: 121 S. : Ill.
Format: Buch
Sprache: Polnisch
ISBN: 9788362863044
Kein Bild verfügbar
X
Lokale Klassifikation: 32 5 E ; 2 S 3484 ; 2 D 1023
alg: 28968466
001A    $03004:14-02-12 
001B    $01999:09-06-23 $t19:49:56.000 
001C    $03004:21-06-12 $t08:29:02.000 
001D    $03004:21-06-12 
001U    $0utf8 
001X    $00 
002@    $0Aau 
003@    $0289684668 
004D    $0978-83-62863-04-4 
007A    $0289684668 $aHEB 
007G    $0DE020467685DDCEBF2452C1257A5D002A3984 
007T    $0Herdhh289684668 
009P    $qapplication/pdf $A2 $3Inhaltsverzeichnis $uhttp://scans.hebis.de/HEBCGI/show.pl?28968466_toc.pdf $mV:DE-603;B:DE-Mb50 
010@    $apol 
011@    $a2011 
021A    $aBarbara Sanguszkowa i Elżbieta Drużbacka w świetle nowych źródeł $hKrystyna Stasiewicz 
028A    $7 $8Stasiewicz, Krystyna [Tnd] $9138951497 
033A    $pOlsztyn $nWydawn. ElSet 
034D    $a121 S. 
034M    $aIll. 
045F    $a900.94380903 $eDDC23BSB 
045F/01 $a900 
045F/03 $f0903 
045F/03 $f09041 
045F/03 $g438 

lok: 28968466 24
101B    $013-08-12 $t17:10:59.000 
101C    $007-08-12 
101U    $0utf8 
145Z/01 $a32 5 E 
145Z/02 $a2 S 3484 
145Z/03 $a2 D 1023 

exp: 28968466 24 1 #EPN
201B/01 $007-08-12 $t08:50:22.000 
201C/01 $014-02-12 
201U/01 $0utf8 
203@/01 $0638282004 
208@/01 $a21-06-12 $bz 
209A/01 $a12.03204 $du $f050 $h12 03204 $x00 
209C/01 $a12.03204 K $h12 03204 K 
209G/01 $a73008760 $x00 
220C/01 $anie 
244Z/01 $#Dunin Sanguszko, Barbara $#Sanguszko, Barbara Dunin- $7135592313 $8--Tp1--Dunin-Sanguszko, Barbara$Z1718-1791 $x01 $9199077606 
244Z/01 $7119311658 $8--Tp1--Drużbacka, Elżbieta$Z1695-1765 $x02 $9087651483 
247C/01 $8358050-7 Marburg, Bibliothek des Herder-Instituts Marburg $9102600961 

lok: 28968466 78

exp: 28968466 78 1 #EPN
201B/01 $019-04-17 $t22:04:10.000 
201U/01 $0utf8 
203@/01 $079390997X 
208@/01 $a12-11-16 $be 
209A/01 $a/ $f000 $x00 
244Z/01 $2Trx $#Poola $#Lenkija $#Polija $#Polen Land $#Poland $#Lengyelország $#Poľsko $#Polsko $8--Trx--Polska$gkraj $x01 $9391345966 
244Z/01 $2Trx $8--Trx--Monographie $x02 $9391384546 
245Z/01 $a03.03.01 $x01 
247C/01 $82080>Marburg/Lahn, Herder-Institut, Forschungsbibliothek, Bibliographieportal $9336309341
LEADER 00000cam a2200000 c 4500
001 289684668
003 DE-603
005 20230609194956.0
007 tu
008 120214s2011 xx |||| | u00||u|pol c
020 |z 9788362863044 
035 |a (DE-599)HEB289684668 
040 |a DE-603  |b ger  |c DE-603  |d DE-603 
041 |a pol 
082 0 4 |8 1\u  |a 900.94380903  |q DE-101  |2 23/BSB 
085 |8 1\u  |b 900 
085 |8 1\u  |z 1  |s 0903 
085 |8 1\u  |z 1  |s 09041 
085 |8 1\u  |z 2  |s 438 
100 1 |a Stasiewicz, Krystyna  |0 (DE-603)138951497 
245 0 0 |a Barbara Sanguszkowa i Elżbieta Drużbacka w świetle nowych źródeł  |c Krystyna Stasiewicz 
264 1 |a Olsztyn  |b Wydawn. ElSet  |c 2011 
300 |a 121 S.  |b Ill. 
856 4 2 |m V:DE-603;B:DE-Mb50  |q application/pdf  |u http://scans.hebis.de/HEBCGI/show.pl?28968466_toc.pdf  |3 Inhaltsverzeichnis 
924 0 |9 Mb 50  |a (DE-603)638282004  |b DE-Mb50  |c HES  |d c  |g 12.03204 
924 0 |9 2080  |a (DE-603)79390997X  |b DE-2080  |c HES  |d d  |g /